| 000 | 04920aam a22006371a 4500 | ||
|---|---|---|---|
| 999 |
_c2890 _d2890 |
||
| 001 | 017972468 | ||
| 003 | Uk | ||
| 005 | 20230911082051.0 | ||
| 006 | m || d | | ||
| 007 | cr ||||||||||| | ||
| 008 | 140225s2012 enka ob 001 d eng d | ||
| 015 |
_aGBB6I6344 _2bnb |
||
| 020 |
_a9781903436912 _q(pbk.) |
||
| 020 |
_z1903436915 _q(pbk.) |
||
| 037 |
_a9781408151983 _bCodeMantra |
||
| 040 |
_aYDXCP _beng _cYDXCP _dOCLCO _dOCLCF _dEBLCP _dOCLCO _dOCLCQ _dUk _dKH8 _epn |
||
| 042 | _aukblsr | ||
| 082 | 0 | 4 |
_a822.33 SHA _223 |
| 100 | 1 |
_aShakespeare, William, _d1564-1616, _eauthor. |
|
| 245 | 1 | 0 |
_aRomeo and Juliet / _cedited by René Weis. |
| 260 |
_aLondon : _bArden Shakespeare, _c2012. |
||
| 300 |
_axviii, 451 pages : _billustrations. |
||
| 336 |
_atext _2rdacontent |
||
| 337 |
_acomputer _2rdamedia |
||
| 338 |
_aonline resource _2rdacarrier |
||
| 490 | 1 | _aThe Arden Shakespeare. Third series | |
| 504 | _aIncludes bibliographical references (pages 427-440) and index. | ||
| 505 | 0 | _aCover; Title page; Author biography; Dedication; Table of Contents; List of illustrations; General editors' preface; Preface; Writing love; Love and literary form; Time's winged chariot; Earth tremors and thirteen-year-old children; Nashe's Have With You to Saffron Walden (1596) and Romeo and Juliet; A Midsummer Night's Dream; Lord Hunsdon's servants and Will Kemp at the Curtain (1596-7?); The dates of first performance and publication; Love's young sweet song: 'an excellent conceited tragedy'; 'All the daughters of my father's house'; Introduction; Sources. | |
| 505 | 8 | _aBrooke's Tragical History of Romeus and JulietTybalt, Mercutio and Paris; Performing love; From London (c. 1596) and Cambridge (c. 1598-1601) to Douai (1694-5); From Garrick (1748) to Berlioz (1839) and Cushman (1845); From Gounod (1867) and Tchaikovsky (1870/80) to Gielgud and Prokofiev (1935); From West Side Story (1957) to Old Pronunciation Shakespeare (2004); The age of Zeffirelli (1960-8); Bogdanov and Luhrmann: from Alfa Romeo to Clockwork Orange Shakespeare and beyond (1986- ); The texts: Q1 (1597) and Q2 (1599); Nurse's italics and Capulet's Wife's speech prefixes; Editorial procedures. | |
| 505 | 8 | _aQ1's stage directions: a record of performance or 'literary' ornaments?From Q1 to Q2; Second thoughts: Queen Mab and others; Shakespeare's handwriting and what it has left us; ROMEO AND JULIET; Scene 1.2; Scene 1.1; The Prologue; Scene 1.5; Scene 1.4; Scene 1.3; Scene 2.2; Scene 2.1; Scene 2.0; Scene 2.4; Scene 2.3; Scene 2.6; Scene 2.5; Scene 3.2; Scene 3.1; Scene 3.5; Scene 3.4; Scene 3.3; Scene 4.2; Scene 4.1; Scene 4.5; Scene 4.4; Scene 4.3; Scene 5.3; Scene 5.2; Scene 5.1; 1 Q1 and Q4 readings; Appendices; 2 Q1 Romeo and Juliet; 3 Rhyme; 4 Casting and doubling. | |
| 505 | 8 | _aAbbreviations and referencesAbbreviations used in notes; Works by and partly by Shakespeare; Editions of Shakespeare collated; Other works cited or used; eCopyright. | |
| 520 | _aThis major new edition of Shakespeare's greatest tragedy of love argues that that play is ultimately Juliet's. The play text is expertly edited and the on-page commentary notes discuss issues of staging, theme, meaning and Shakespeare's use of his sources to give the reader deep and engaging insights into the play. The richly illustrated introduction looks at the play's exceptionally beautiful and complex language and focuses on the figure of Juliet as being at its centre. Rene Weis discusses the play's critical, stage and film history, including West Side Story and Baz Luhrmann's seminal film Romeo + Juliet. An authoritative edition from a leading scholar giving the reader a penetrating and wide-ranging insight into this ever popular play. | ||
| 588 | 0 | _aPrint version record. | |
| 600 | 1 | 0 |
_aShakespeare, William, _d1564-1616. _tRomeo and Juliet. |
| 600 | 0 | 0 |
_aRomeo _c(Fictitious character) _vDrama. |
| 600 | 0 | 0 |
_aJuliet _c(Fictitious character) _vDrama. |
| 630 | 0 | 7 |
_aRomeo and Juliet (Shakespeare, William) _2fast _0(OCoLC)fst01356193 |
| 650 | 7 |
_aLiterary studies: c 1500 to c 1800. _2bicssc |
|
| 650 | 0 |
_aVendetta _zItaly _zVerona _vDrama. |
|
| 650 | 4 |
_aJuliet (Fictitious character) _vDrama. |
|
| 650 | 4 |
_aRomeo (Fictitious character) _vDrama. |
|
| 650 | 4 | _aShakespeare, William, 1564-1616. Romeo and Juliet. | |
| 650 | 4 |
_aVendetta _zItaly _xVerona _vDrama. |
|
| 650 | 7 |
_aJuliet (Fictitious character) _2fast _0(OCoLC)fst00984804 |
|
| 650 | 7 |
_aRomeo (Fictitious character) _2fast _0(OCoLC)fst01100152 |
|
| 650 | 7 |
_aVendetta. _2fast _0(OCoLC)fst01165132 |
|
| 650 | 7 |
_aDrama _xShakespeare. _2bisacsh |
|
| 650 | 7 |
_aShakespeare plays. _2bicssc |
|
| 651 | 7 |
_aItaly _zVerona. _2fast _0(OCoLC)fst01204568 |
|
| 655 | 4 | _aElectronic books. | |
| 655 | 7 |
_aDrama. _2fast _0(OCoLC)fst01423879 |
|
| 700 | 1 |
_aWeis, René, _d1953- _eeditor. |
|
| 800 | 1 |
_aShakespeare, William, _d1564-1616. _tWorks. _f1995. |
|
| 942 |
_2ddc _cTR |
||